000 01325nam a22003617a 4500
003 CHAP
005 20220329135602.0
008 971013s1994 r 00010 d
010 _a38894
011 _a39866
035 _a43991
040 _cCHAP
090 _aTesis
100 0 0 _aPouda Romo, Juan Carlos.
_991144
245 _aComités municipales una estrategia para conservación, protección y fomento de recursos forestales y faunísticos estado de Nuevo León
260 _aMarín, N. L. :
_bEl autor,
_c1994
300 _a32 h.
502 _aTesis (Ing. Agr.) -- Universidad Autónoma de Nuevo León. Facultad de Agronomía
590 _aALEPH
_b10
_c20130110
_lUCH01
_h1305
590 _aBATCH-UPD
_b10
_c20130110
_lUCH01
_h0018
590 _aBATCH-UPD
_b10
_c20130110
_lUCH01
_h1609
590 _aBATCH-UPD
_b10
_c20130409
_lUCH01
_h1956
590 _aBATCH-UPD
_b10
_c20130410
_lUCH01
_h1005
590 _aBATCH-UPD
_b10
_c20130914
_lUCH01
_h1932
590 _aCONVERSION
_b10
_c20130109
_lUCH01
_h1322
650 1 4 _aPolítica forestal
_xNuevo León.
_990594
650 1 4 _aRecursos forestales
_xConservación.
_995044
650 1 4 _aRecursos forestales
_xNuevo León.
_995059
650 1 4 _aVida silvestre
_xConservación.
_9119166
901 _aBK
942 _cTESIS
949 _bBC
_cTES
_d-100660
_eTS1
_h27280
_i43991
_si
999 _c38894
_d38894